LDR 00828naa#a2200181#i#450# 001 EN\\bibl\122918 005 20260702103127.4 011 ## _a2686-9896 100 ## _a20260515b2026####ek#y0engy0150####ca 102 ## _aRU 200 1# _aAPPLICATION OF THE CLARK-WRIGHT AND COLUMN GENERATION METHODS FOR PLANNING OF SMALL-BATCH FREIGHT TRANSPORTA-TION BY ROAD _eJournal article 210 1# _aAngarsk _cFederal State Funded Educational Establishment of Higher Education «Angarsk State Technical University» _d2026 215 ## _a1 с. 608 ## _aJournal article _2local 675 ## _aТранспортное обслуживание. Организация и управление перевозками. Почтовая связь. 656 _z 700 #1 _aKripak _gMarina Nikolaevna 700 #1 _aKiyashko _gLarisa Aleksandrovna 856 4# _aangtu.editorum.ru _u